La cocina italiana clásica / (Registro nro. 10182)

Detalles MARC
000 -LEADER
fixed length control field 00838nam a2200289 4500
001 - CONTROL NUMBER
control field 01304612
003 - CONTROL NUMBER IDENTIFIER
control field DO-SdBNP
005 - DATE AND TIME OF LATEST TRANSACTION
control field 20160520115016.0
007 - PHYSICAL DESCRIPTION FIXED FIELD--GENERAL INFORMATION
fixed length control field 01304612
008 - FIXED-LENGTH DATA ELEMENTS--GENERAL INFORMATION
fixed length control field 990729s1996 sp | ||| ||spa
016 7# - NATIONAL BIBLIOGRAPHIC AGENCY CONTROL NUMBER
Record control number
Source BPMSU
017 ## - COPYRIGHT OR LEGAL DEPOSIT NUMBER
Copyright or legal deposit number
Assigning agency
035 ## - SYSTEM CONTROL NUMBER
System control number
040 ## - CATALOGING SOURCE
Original cataloging agency BPMSU
Language of cataloging spa
Transcribing agency BPMSU
Description conventions
041 1# - LANGUAGE CODE
Language code of text/sound track or separate title spa
Language code of original
080 #0 - UNIVERSAL DECIMAL CLASSIFICATION NUMBER
Universal Decimal Classification number
100 1# - MAIN ENTRY--PERSONAL NAME
Personal name Della Croce, Julia
240 14 - UNIFORM TITLE
Uniform title <a href="The classic italian cookbook">The classic italian cookbook</a>
Language of a work espaǫl
245 13 - TITLE STATEMENT
Title La cocina italiana cls̀ica /
Medium
Statement of responsibility, etc. Julia Della Croce ; traduccin̤, Adelaida Ruiz ; fotografa̕s Clive Streeter
260 ## - PUBLICATION, DISTRIBUTION, ETC. (IMPRINT)
Place of publication, distribution, etc. Barcelona :
Name of publisher, distributor, etc. Primera Plana,
Date of publication, distribution, etc. 1996
300 ## - PHYSICAL DESCRIPTION
Extent 176 p.:
Other physical details il.;
Dimensions 30 cm
650 #7 - SUBJECT ADDED ENTRY--TOPICAL TERM
Topical term or geographic name as entry element Cocina italiana
Form subdivision Recetas
Source of heading or term
700 ## - ADDED ENTRY--PERSONAL NAME
Personal name Ruiz, Adelaida
Relator term tr.
700 ## - ADDED ENTRY--PERSONAL NAME
Personal name Streeter, Clive
942 ## - ADDED ENTRY ELEMENTS (KOHA)
Source of classification or shelving scheme Dewey Decimal Classification
Koha item type Libros
956 ## - LOCAL ELECTRONIC LOCATION AND ACCESS (OCLC)
Host name VMATEO
Access number 10
Path 20160520
Electronic name BPMSU
Processor of request 0069
Existencias
Withdrawn status Lost status Source of classification or shelving scheme Damaged status Not for loan Collection code Home library Current library Date acquired Total Checkouts Barcode Date last seen Price effective from Koha item type
    Dewey Decimal Classification       Biblioteca Pública Metropolitana Salomé Ureña Biblioteca Pública Metropolitana Salomé Ureña 05/20/2016   BPMET16050407 05/20/2016 05/20/2016 Libros